Introduction to switching theory and logical design (Record no. 18526)

MARC details
000 -LEADER
fixed length control field 00578nam a2200205Ia 4500
003 - CONTROL NUMBER IDENTIFIER
control field IN-BaIIA
008 - FIXED-LENGTH DATA ELEMENTS--GENERAL INFORMATION
fixed length control field 211028s9999 xx 000 0 eng d
020 ## - INTERNATIONAL STANDARD BOOK NUMBER
International Standard Book Number 978-81-265-2031-2
040 ## - CATALOGING SOURCE
Transcribing agency IIA Library
080 ## - UNIVERSAL DECIMAL CLASSIFICATION NUMBER
Universal Decimal Classification number 621.751
Item number HIL
100 ## - MAIN ENTRY--PERSONAL NAME
Personal name Hill, F. J
9 (RLIN) 35578
245 #0 - TITLE STATEMENT
Title Introduction to switching theory and logical design
Statement of responsibility, etc. F. J. Hill and G. R. Peterson
250 ## - EDITION STATEMENT
Edition statement 3rd ed.
260 ## - PUBLICATION, DISTRIBUTION, ETC.
Place of publication, distribution, etc. New Delhi
Name of publisher, distributor, etc. Wiley
Date of publication, distribution, etc. 1981
300 ## - PHYSICAL DESCRIPTION
Extent xv, 617p.
650 ## - SUBJECT ADDED ENTRY--TOPICAL TERM
Topical term or geographic name entry element Logical systems
9 (RLIN) 35579
650 ## - SUBJECT ADDED ENTRY--TOPICAL TERM
Topical term or geographic name entry element Switching theory
9 (RLIN) 30727
700 ## - ADDED ENTRY--PERSONAL NAME
Personal name Peterson, G. R
9 (RLIN) 35580
942 ## - ADDED ENTRY ELEMENTS (KOHA)
Koha item type Books
Holdings
Withdrawn status Lost status Damaged status Not for loan Home library Current library Shelving location Date acquired Source of acquisition Cost, normal purchase price Total Checkouts Full call number Barcode Date last seen Cost, replacement price Price effective from Koha item type Purchase Price
        IIA Library-Bangalore IIA Library-Bangalore General Stacks 12/02/2013 ANJ 545.00   621.751/ HIL 19448 05/11/2021 545.00 12/02/2013 Books Rs. 545.00

Powered by Koha